|
|
|
|
| LEADER |
00000cmm a2200000 a 4500 |
| 001 |
vtls010284752 |
| 003 |
SK-MaSNL |
| 005 |
20260301131936.0 |
| 007 |
co cga muuua |
| 008 |
180809s2010 xo fq m 000 0 slo |
| 015 |
|
|
|a SNBS2017
|
| 020 |
|
|
|a 9788055402895
|q (elektronická kniha)
|
| 040 |
|
|
|a SNK
|b slo
|c SNK
|e AACR2
|
| 041 |
0 |
|
|a slo
|
| 044 |
|
|
|a xo
|c SK
|
| 072 |
|
7 |
|a 534
|x Mechanické kmity. Akustika
|2 konspekt
|
| 072 |
|
7 |
|a 59
|x Zoológia
|2 konspekt
|
| 080 |
|
|
|a 534-7
|2 2011
|
| 080 |
|
|
|a 502.2:534-7
|2 2011
|
| 080 |
|
|
|a 534.4
|2 2011
|
| 080 |
|
|
|a 592/599
|2 2011
|
| 080 |
|
|
|a (072)
|2 2011
|
| 080 |
|
|
|a (0.034.44)
|2 2011
|
| 100 |
1 |
|
|a Hockicko, Peter,
|d 1973-
|4 aut
|9 161250
|
| 245 |
1 |
0 |
|a Frekvenčná analýza zvukov
|h elektronický zdroj
|c Peter Hockicko
|
| 260 |
|
|
|a V Žiline
|b Žilinská univerzita
|b Edis
|c [2010]
|
| 300 |
|
|
|a 1 elektronický optický disk (DVD-ROM)
|b zvuk., fareb.
|c 12 cm
|
| 500 |
|
|
|a Názov z disku
|
| 516 |
|
|
|a Multimediálny dokument obsahuje video súbory, súbory vo formáte pdf, doc a voľne šíriteľné programy
|
| 536 |
|
|
|a S podporou Agentúry na podporu výskumu a vývoja - č. zmluvy LPP-0195-07 a KEGA - zmluva č. 075-008ŽU-4/2010
|
| 538 |
|
|
|a Technické požiadavky: multimediálny prehrávač, PDF prehliadač, textový procesor
|
| 650 |
0 |
7 |
|a zvuk
|2 SNKPH
|9 23227
|
| 650 |
0 |
7 |
|a zvuková analýza
|2 SNKPH
|9 481948
|
| 650 |
0 |
7 |
|a frekvenčná zvuková analýza
|2 SNKPH
|9 481949
|
| 650 |
0 |
7 |
|a zvuky prírody
|2 SNKPH
|9 246064
|
| 650 |
0 |
7 |
|a zvieratá
|2 SNKPH
|9 1091
|
| 650 |
0 |
7 |
|a Sound
|2 SNKPHeng
|9 132988
|
| 650 |
0 |
7 |
|a Sound analysis
|2 SNKPHeng
|9 481950
|
| 650 |
0 |
7 |
|a Frequency sound analysis
|2 SNKPHeng
|9 481951
|
| 650 |
0 |
7 |
|a Nature sounds
|2 SNKPHeng
|9 368603
|
| 650 |
0 |
7 |
|a Animals
|2 SNKPHeng
|9 267568
|
| 655 |
|
7 |
|a elektronické zdroje
|2 SNKPH
|9 90954
|
| 655 |
|
7 |
|a DVD
|2 SNKPH
|9 70751
|
| 655 |
|
7 |
|a učebné pomôcky
|2 SNKPH
|9 70567
|
| 655 |
|
7 |
|a Electronic resources
|2 SNKPHeng
|9 175546
|
| 655 |
|
7 |
|a Teaching aids
|2 SNKPHeng
|9 315691
|
| 710 |
2 |
|
|a Žilinská univerzita v Žiline.
|b Elektrotechnická fakulta.
|b Katedra fyziky
|9 176455
|
| 752 |
|
|
|a Slovensko
|d Žilina
|
| 852 |
|
|
|a Štátna vedecká knižnica v Banskej Bystrici
|
| 919 |
|
|
|a 978-80-554-0289-5
|
| 999 |
|
|
|c 749596
|d 751526
|
| 952 |
|
|
|a SNK
|b SNK
|y PREZ
|7 0
|p 17A1215225
|o snkSCDM 8866
|i snk2016/22845
|8 0
|0 0
|1 0
|4 0
|d 2016-10-03
|l 0
|r 2026-02-23 23:27:52
|w 2026-02-23
|
| 952 |
|
|
|t snkFRE 534
|a SNKMST
|b SNKMST
|y PREZ
|7 0
|p 17A1215207
|o snkSCDM 8866 D1
|i snk2016/22846
|8 0
|0 0
|1 0
|4 0
|d 2016-10-03
|l 0
|r 2025-08-11 00:00:00
|w 2026-02-23
|